[Event "Moscow Alekhine op"]
[Site "Moscow"]
[Date "1996.??.??"]
[Round "5"]
[White "Dvoirys, Semen I"]
[Black "Gelman, Alexander"]
[Result "1-0"]
[WhiteElo "2585"]
[BlackElo "2390"]

1.e4 d6 2.d4 Nf6 3.Nc3 e5 4.dxe5 dxe5 5.Qxd8+ Kxd8 6.Nf3 Bd6 7.Be3 Ke7 8.O-O-O Bg4
9.Be2 Bxf3 10.Bxf3 Nbd7 11.Nb5 a6 12.Nxd6 cxd6 13.g4 Nf8 14.g5 N6d7 15.a4 Ne6
16.b3 Ndc5 17.Kb2 Rhf8 18.h4 f6 19.Bg2 Rf7 20.f3 f5 21.exf5 Rxf5 22.Rd2 a5
23.Rhd1 Ra6 24.Ka3 Rb6 25.Rf2 Rb4 26.Bh3 Rf8 27.Bg4 b5 28.axb5 Rxb5 29.Rfd2 Rb6
30.Rd5 Ra6 31.Re1 Rc6 32.Rd2 g6 33.h5 gxh5 34.Bxh5 Na6 35.Bg4 Nac7 36.c4 Rf7
37.Rh1 Rg7 38.Rdh2 d5 39.cxd5 Nxd5 40.Bd2 Nxg5 41.Bxg5+ Rxg5 42.Rxh7+ Kf6
43.R1h6+ Rg6 44.Bh5 Nf4 45.Bxg6 Nxg6 46.Ra7 Kg5 47.Rh3 Nf4 48.Rg3+ Kf5 49.Rxa5 Rc3
50.Kb4 Re3 51.Ra8 Ne2 52.Rf8+ Ke6 53.Rg6+ Ke7 54.Rb8 Nd4 55.Rb7+ Kf8 56.Kc4 Rxf3
57.Ra6 Rf7 58.Raa7  1-0

[Event "Moscow Alekhine op"]
[Site "Moscow"]
[Date "1996.??.??"]
[Round "6"]
[White "Mukhametov, Eldar"]
[Black "Genba, Vladimir"]
[Result "1-0"]
[WhiteElo "2505"]
[BlackElo "2380"]

1.e4 d6 2.d4 Nf6 3.Nc3 e5 4.Nf3 Nbd7 5.Bc4 Be7 6.O-O O-O 7.Re1 c6 8.a4 a5
9.Ba2 Qb6 10.h3 exd4 11.Qxd4 Qb4 12.Bf4 Ne5 13.Bxe5 dxe5 14.Qxe5 Nd7 15.Qd4 Bf6
16.Qe3 Qxb2 17.e5 Re8 18.Qd4 Nxe5 19.Nxe5 Be6 20.Bxe6 Rxe6 21.Rab1 Qxc2 22.Rxb7 Rd8
23.Rd7 Rde8 24.f4 c5 25.Qxc5 Be7 26.Qc7 f6 27.Qc4 Bb4 28.Rd8  1-0

[Event "Moscow-ch"]
[Site "Moscow"]
[Date "1996.??.??"]
[Round "6"]
[White "Kobalija, Mihail"]
[Black "Riazantsev, Alexander"]
[Result "1-0"]
[WhiteElo "2495"]
[BlackElo "2350"]

1.e4 d6 2.d4 Nf6 3.Nc3 Nbd7 4.Nf3 e5 5.Bc4 Be7 6.O-O O-O 7.a4 a5 8.Qe2 c6
9.Rd1 Qc7 10.Ba2 exd4 11.Nxd4 Nc5 12.f3 Re8 13.Qf2 Be6 14.Nxe6 fxe6 15.Bf4 Kh8
16.Qxc5 e5 17.Nb5 Qb8 18.Nxd6 Bxd6 19.Rxd6 exf4 20.Rad1 Qc7 21.e5 Nh5 22.Rd7 Rxe5
23.Qxe5 Qxe5 24.Rd8+ Qe8 25.Rxe8+ Rxe8 26.Bf7  1-0

[Event "RUS-Cup2"]
[Site "Moscow"]
[Date "1996.??.??"]
[Round "7"]
[White "Yandemirov, Valeri"]
[Black "Gelman, Alexander"]
[Result "1-0"]
[WhiteElo "2465"]
[BlackElo "2400"]

1.e4 d6 2.d4 Nf6 3.Nc3 e5 4.dxe5 dxe5 5.Qxd8+ Kxd8 6.Bc4 Bb4 7.Bd2 Ke7 8.Nf3 Nbd7
9.O-O c6 10.Nd5+ Nxd5 11.exd5 Bxd2 12.dxc6 bxc6 13.Nxd2 f5 14.Rfe1 Rb8 15.Rad1 c5
16.Nb3 Rf8 17.Na5 Rf6 18.Bd5 Rxb2 19.Nc4 Rxc2 20.Nxe5 Nxe5 21.Rxe5+ Kd6 22.f4 Kc7
23.Bb3 Rb2 24.Rxc5+ Rc6 25.Re5 Kb6 26.Re7 Rg6 27.Bd5 Rd6 28.Rxg7 Bd7 29.Rg3 Ba4
30.Rdd3 Kc5 31.Bg8 Rb1+ 32.Kf2 Rd4 33.Rxd4 Kxd4 34.Ra3 Rb2+ 35.Kg3 Bc6 36.Bxh7 Rxg2+
37.Kh3 Ke4 38.Kxg2  1-0

[Event "RUS-Cup2"]
[Site "Moscow"]
[Date "1996.??.??"]
[Round "7"]
[White "Odeev, Handszar"]
[Black "Vorotnikov, Vladislav V"]
[Result "1-0"]
[WhiteElo "2410"]
[BlackElo "2510"]

1.e4 d6 2.d4 Nf6 3.Nc3 c6 4.Be3 g6 5.Qd2 Bg7 6.Bh6 Bxh6 7.Qxh6 e5 8.O-O-O Qe7
9.h3 Nbd7 10.Nf3 b5 11.Bd3 a6 12.Rhe1 Bb7 13.Kb1 Qf8 14.Qd2 Qg7 15.Ne2 O-O
16.Ng3 Rfe8 17.dxe5 dxe5 18.Nh4 Rad8 19.c3 Nc5 20.Qe3 Ne6 21.Qb6 Rb8 22.Bc2 Qf8
23.Qe3 c5 24.Ne2 c4 25.g4 b4 26.Ng3 Bc6 27.Ka1 bxc3 28.Qxc3 Qc5 29.Nf3 Nf4
30.g5 Nd7 31.Nh2 Rb7 32.Ng4 Ne6 33.Rb1 Qd4 34.h4  1-0

[Event "Moscow Alekhine op"]
[Site "Moscow"]
[Date "1996.??.??"]
[Round "7"]
[White "Yandemirov, Valeri"]
[Black "Komliakov, Viktor"]
[Result "1/2-1/2"]
[WhiteElo "2430"]
[BlackElo "2500"]

1.e4 d6 2.d4 Nf6 3.Nc3 e5 4.dxe5 dxe5 5.Qxd8+ Kxd8 6.Bc4 Be6 7.Bxe6 fxe6
8.f3 a6 9.Be3 Bd6 10.Nh3 Nh5 11.O-O-O Nd7 12.Nf2 Rf8 13.Nd3 Ke7 14.Na4 Nf4
15.Nac5 Nxc5 16.Nxc5 b6 17.Nb7 Bb4 18.a3 Rab8 19.axb4 Rxb7 20.Bxf4 exf4 21.Rd3 Rd8
22.Rhd1 Rbb8 23.Ra3 Rxd1+ 24.Kxd1 a5 25.bxa5 bxa5 26.Rxa5 Rxb2 27.Kc1 Rb8
28.Rc5 Kd6 29.Ra5 h6 30.e5+ Kd7 31.Ra4 Rf8 32.Kd2 g5 33.Kd3 Rb8 34.g3 fxg3
35.hxg3 Rb1 36.g4 Rd1+ 37.Ke3 Re1+ 38.Kd4 Rd1+  1/2-1/2

[Event "RUS-Cup2"]
[Site "Moscow"]
[Date "1996.??.??"]
[Round "8"]
[White "Shchekachev, Andrei"]
[Black "Komliakov, Viktor"]
[Result "1-0"]
[WhiteElo "2560"]
[BlackElo "2450"]

1.e4 d6 2.d4 Nf6 3.Nc3 e5 4.Nf3 Nbd7 5.Bc4 Be7 6.O-O O-O 7.Re1 c6 8.a4 a5
9.Bf1 Re8 10.d5 Nc5 11.h3 Rf8 12.Nd2 Na6 13.Nc4 cxd5 14.exd5 Bf5 15.Be3 Nd7
16.Nb5 Ndc5 17.c3 b6 18.Ra3 Bd7 19.Ncxd6 Bxd6 20.Nxd6 Bxa4 21.Nxf7 Rxf7 22.Rxa4 Nxa4
23.Qxa4 Nc5 24.Qb5 Rc8 25.b4 axb4 26.cxb4 Nd7 27.d6 Qf6 28.Bc4 Qxd6 29.Bb3 Qc6
30.Qxc6 Rxc6 31.Rd1 Rc7 32.Bxb6 Rb7 33.Be3 Kf8 34.Bxf7 Kxf7 35.b5 Ke6 36.Rb1 Nf6
37.Kf1 Nd5 38.Bd2 Kd6 39.Ke2 e4 40.Rb2 Kc5 41.Be3+ Kc4 42.b6 Nc3+ 43.Kd2 Rd7+
44.Kc2 Rb7 45.g4 Nd5 46.Kd2 Nc3 47.Ke1 Nd5 48.h4 h6 49.Rc2+ Kd3 50.Rd2+ Kc4
51.Ke2 Nc3+ 52.Kf1 Nd5 53.Rd4+ Kc5 54.Rxe4+ Nxe3+ 55.Rxe3 Rxb6 56.Kg2 Kd6
57.h5 Rb1 58.Kg3 Rb4 59.f3 Ra4 60.Re4 Ra3 61.Kf4 Ra5 62.Re8 Rg5 63.Ke4 Ra5
64.Rg8 Rg5 65.Rf8 Ke6 66.Rf5 Rxf5 67.gxf5+ Ke7 68.Ke5 Kf7 69.f6 gxf6+ 70.Kf5  1-0

[Event "Moscow Alekhine op"]
[Site "Moscow"]
[Date "1996.??.??"]
[Round "8"]
[White "Bondarenko, Vladimir"]
[Black "Yanvarjov, Igor"]
[Result "0-1"]
[WhiteElo "2300"]
[BlackElo "2430"]

1.e4 d6 2.d4 Nf6 3.Nc3 Nbd7 4.Nf3 e5 5.Bc4 exd4 6.Nxd4 g6 7.O-O Bg7 8.Bf4 O-O
9.Re1 Ne5 10.Bf1 Nh5 11.Bc1 c6 12.a4 a5 13.Be2 Nf6 14.Bf4 Qb6 15.Ra3 Re8
16.Rb3 Qc7 17.Nf3 Be6 18.Ra3 Rad8 19.Qc1 Nxf3+ 20.Bxf3 Bg4 21.Bxg4 Nxg4 22.Nd1 f5
23.f3 Nf6 24.Nf2 fxe4 25.fxe4 Rd7 26.Rb3 Rde7 27.Qd2 Nxe4 28.Nxe4 Rxe4 29.Rxe4 Rxe4
30.Qxd6 Bd4+  0-1

[Event "Moscow-ch"]
[Site "Moscow"]
[Date "1996.??.??"]
[Round "9"]
[White "Zakharov, Alexander S"]
[Black "Yanvarjov, Igor"]
[Result "1/2-1/2"]
[WhiteElo "2340"]
[BlackElo "2420"]

1.e4 d6 2.d4 Nf6 3.Nc3 Nbd7 4.Nf3 e5 5.Bc4 exd4 6.Nxd4 g6 7.O-O Bg7 8.Re1 O-O
9.Bf1 a5 10.a4 c6 11.Be3 Ne5 12.h3 Re8 13.f4 Ned7 14.Qf3 Nc5 15.Bf2 Nfd7
16.Rad1 Qb6 17.b3 Qb4 18.Ncb5 cxb5 19.c3 Qa3 20.Ra1 Qb2 21.Reb1 Qd2 22.Rd1 Ne5
23.fxe5 Qg5 24.Nxb5 Rxe5 25.Nxd6 Be6 26.Bc4 Bxc4 27.bxc4 Rf8 28.Rd5 b6 29.Bg3 Rxd5
30.cxd5 Be5 31.Kh2 Bxg3+ 32.Qxg3 Qxg3+ 33.Kxg3 Rd8 34.e5 f6 35.Nc4 fxe5 36.Nxb6 Ne4+
37.Kh2 Rd6 38.Nc8 Rd8 39.Nb6 Rd6 40.Nc8 Rd8  1/2-1/2

[Event "RUS-Cup2"]
[Site "Moscow"]
[Date "1996.??.??"]
[Round "9"]
[White "Totsky, Leonid"]
[Black "Gelman, Alexander"]
[Result "1/2-1/2"]
[WhiteElo "2490"]
[BlackElo "2400"]

1.e4 d6 2.d4 Nf6 3.Nc3 e5 4.dxe5 dxe5 5.Qxd8+ Kxd8 6.Bg5 Be6 7.O-O-O+ Nd7
8.f4 exf4 9.Nf3 h6 10.Bxf6+ gxf6 11.Nd5 Bd6 12.Be2 Re8 13.Nd4 Bxd5 14.exd5 Re5
15.Bf3 Ke7 16.Bg4 Rh8 17.Rhf1 Rg5 18.Nf5+ Kd8 19.Nxd6 cxd6 20.Rxf4 Nb6 21.Bh3 Ke7
22.Rb4 Rb8 23.Rd2 Re5 24.b3 Na8 25.Ra4 a6 26.Rc4 Rg8 27.Rc8 Rd8 28.Rf2 f5
29.Rxd8 Kxd8 30.Bxf5 b5 31.Bh7 Ke7 32.Bg8 f6 33.Kb2 Nb6 34.Rd2 Nd7 35.Kc3 a5
36.b4 a4 37.Kd3 Rf5 38.Be6 Ne5+ 39.Ke2 Rf4 40.c3 Re4+ 41.Kd1 Re3 42.Kc2 Nc4
43.Rf2 Na3+ 44.Kd2 Nc4+ 45.Kd1 Ne5 46.Kc2 Re1 47.Kd2 Ra1 48.Ke3 Rd1 49.Rc2 Re1+
50.Re2 Rh1 51.h3 Rd1  1/2-1/2

[Event "Moscow-ch"]
[Site "Moscow"]
[Date "1996.??.??"]
[Round "9"]
[White "Yagupov, Igor"]
[Black "Lopatskaya, Elena P"]
[Result "1-0"]
[WhiteElo "2435"]
[BlackElo "2210"]

1.e4 d6 2.d4 Nf6 3.Nc3 Nbd7 4.Nf3 e5 5.Bc4 Be7 6.O-O O-O 7.Re1 c6 8.a4 Qc7
9.h3 exd4 10.Nxd4 Re8 11.Bf1 Bf8 12.g4 Nc5 13.Bg2 h6 14.Bf4 Ne6 15.Nxe6 Bxe6
16.Qd4 Nd7 17.Rad1 Ne5 18.b3 a6 19.Bg3 f6 20.f4 Nf7 21.Bf2 Rad8 22.Ne2 Bc8
23.Qa7 c5 24.Nc3 Be6 25.e5 dxe5 26.Qxb7 Qxb7 27.Bxb7 Rxd1 28.Rxd1 exf4 29.Bxa6 h5
30.gxh5 Ng5 31.Bb7 Nxh3+ 32.Kg2 Nxf2 33.Kxf2 Bg4 34.Bd5+ Kh7 35.Re1 Rd8 36.Re4 Bd6
37.a5 Be5 38.Rxe5 fxe5 39.a6 Rd7 40.Bb7 f3 41.Ne4  1-0

[Event "JUG-chT"]
[Site "Niksic"]
[Date "1996.??.??"]
[Round "?"]
[White "Vujovic, Milorad"]
[Black "Trifunovic, Miroljub"]
[Result "1-0"]
[WhiteElo "2310"]
[BlackElo "2320"]

1.e4 d6 2.d4 Nf6 3.Nc3 e5 4.dxe5 dxe5 5.Qxd8+ Kxd8 6.Bg5 c6 7.O-O-O+ Ke8
8.Nf3 Nbd7 9.Bh4 Bc5 10.h3 Ke7 11.Bc4 b5 12.Bb3 a5 13.a4 b4 14.Ne2 Re8 15.Ng5 h6
16.Nxf7 Rf8 17.Bxf6+ Kxf6 18.Nd6 Ba6 19.Bc4 Ke7 20.Bxa6 Bxd6 21.Bb7 Ra7 22.Bxc6 Rxf2
23.Ng3 g6 24.Rd2 Bc5 25.Rf1 Rxd2 26.Kxd2 Nf6 27.Rf3 h5 28.Rd3 Ra6 29.Bd5 Bd4
30.Kc1 Rd6 31.Ne2  1-0

[Event "NLD-ch"]
[Site "NLD"]
[Date "1996.??.??"]
[Round "3"]
[White "Hendriks, Willy"]
[Black "Cifuentes Parada, Roberto"]
[Result "0-1"]
[WhiteElo "2425"]
[BlackElo "2490"]

1.e4 d6 2.d4 Nf6 3.Nc3 e5 4.dxe5 dxe5 5.Qxd8+ Kxd8 6.Bg5 Be6 7.O-O-O+ Kc8
8.Nf3 Nbd7 9.Bxf6 gxf6 10.Nh4 Bc5 11.f3 c6 12.Kb1 b5 13.Bd3 Nb6 14.Ne2 Kc7
15.Ng3 h5 16.Ngf5 Rhg8 17.g3 a5 18.Be2 Nc4 19.Bxc4 Bxc4 20.Rd2 Bb4 21.c3 Bc5
22.Rhd1 Be6 23.Nd6 Rad8 24.Ndf5 Rxd2 25.Rxd2 b4 26.cxb4 Bxb4 27.Rd1 Bc5 28.Rd3 Bc8
29.Rc3 Bb4 30.Rc1 Rd8 31.a3 Bf8 32.Kc2 Be6 33.Ng2 a4 34.Nge3 Bb3+ 35.Kc3 Bc5
36.Nc4 Bd1 37.Ncd6 Bxf3 38.Nxf7 Rd7 39.N7h6 Bxe4 40.Re1 Bd5 41.g4 Bb6  0-1

[Event "NLD-ch"]
[Site "NLD"]
[Date "1996.??.??"]
[Round "10"]
[White "Nijboer, Friso"]
[Black "Cifuentes Parada, Roberto"]
[Result "1-0"]
[WhiteElo "2475"]
[BlackElo "2490"]

1.e4 d6 2.d4 Nf6 3.Nc3 e5 4.Nf3 Nbd7 5.Bc4 Be7 6.O-O O-O 7.a4 c6 8.Ba2 a5
9.Re1 Qb6 10.h3 exd4 11.Qxd4 Qxd4 12.Nxd4 Nc5 13.Bf4 Bd7 14.Nf5 Bxf5 15.exf5 Rfe8
16.Rxe7 Rxe7 17.Bxd6 Rae8 18.Bxc5 Re1+ 19.Rxe1 Rxe1+ 20.Kh2 Re5 21.Bd4 Rxf5
22.g4 Rf4 23.Be3 Rb4 24.Bb3 Nd5 25.Bc5 Rf4 26.Kg3 g5 27.Nxd5 cxd5 28.f3 d4
29.h4 h6 30.hxg5 hxg5 31.Be7  1-0

[Event "NLD-ch"]
[Site "NLD"]
[Date "1996.??.??"]
[Round "11"]
[White "Cifuentes Parada, Roberto"]
[Black "Reinderman, Dimitri"]
[Result "1-0"]
[WhiteElo "2490"]
[BlackElo "2495"]

1.d4 d6 2.e4 Nf6 3.Nc3 e5 4.dxe5 dxe5 5.Qxd8+ Kxd8 6.Bg5 Be6 7.O-O-O+ Kc8
8.f4 exf4 9.Nf3 Nbd7 10.Bxf4 Ng4 11.Nb5 Nf2 12.Nxc7 Nxh1 13.Nxa8 Nf2 14.Rd4 Bc5
15.Ra4 Ng4 16.Nc7 Be3+ 17.Bxe3 Nxe3 18.Nxe6 fxe6 19.Be2 Nxg2 20.Rxa7 Nf4
21.Ra8+ Nb8 22.Kd2 h6 23.Ke3 g5 24.Nd4 Kc7 25.e5 Rh7 26.Nb5+ Kb6 27.Rxb8 Nxe2
28.Nd6 Nf4 29.c4 Rg7 30.b4 h5 31.a4 h4 32.Rc8 Rc7 33.a5+ Kc6 34.b5+ Kd7 35.Rg8  1-0

[Event "SCO-ch"]
[Site "Oban"]
[Date "1996.??.??"]
[Round "2"]
[White "Buchanan, Walter F"]
[Black "Shaw, John"]
[Result "0-1"]
[WhiteElo "2150"]
[BlackElo "2335"]

1.e4 d6 2.d4 Nf6 3.Nc3 e5 4.dxe5 dxe5 5.Qxd8+ Kxd8 6.Bc4 Be6 7.Bb3 Nc6 8.Nf3 Bb4
9.Bg5 Kc8 10.Bxf6 gxf6 11.Nh4 Nd4 12.O-O-O c6 13.h3 Kc7 14.Nf5 Bxf5 15.exf5 Bxc3
16.bxc3 Nxf5 17.Bxf7 Nd6 18.Bh5 Ne4 19.Bg4 Nxc3 20.Rd7+ Kb6 21.Bf5 h6 22.Kd2 Nb5
23.a4 Rad8 24.axb5 Rxd7+ 25.Bxd7 Rd8 26.bxc6 bxc6 27.Rb1+ Kc7 28.Rb4 Rxd7+
29.Kc3 f5 30.f4 Rd4 31.Rxd4 exd4+ 32.Kxd4 h5 33.g3 Kd6 34.c4 a6 35.Kd3 Kc5
36.Kc3 a5 37.Kb3 Kd4 38.Ka4 Kxc4 39.Kxa5 Kd4 40.Kb4  0-1

[Event "RUS-Cup3"]
[Site "Omsk"]
[Date "1996.??.??"]
[Round "2"]
[White "Varavin, Viktor"]
[Black "Chuprov, Dmitry"]
[Result "0-1"]
[WhiteElo "2520"]
[BlackElo "2425"]

1.e4 d6 2.d4 Nf6 3.Nc3 e5 4.dxe5 dxe5 5.Qxd8+ Kxd8 6.Bc4 Be6 7.Bb3 Nc6 8.Bg5 Nd4
9.O-O-O Ke8 10.Bxf6 gxf6 11.Nd5 Bxd5 12.Bxd5 c6 13.Bc4 b5 14.c3 Ne6 15.Bb3 Bc5
16.Nf3 Nf4 17.Nh4 Rg8 18.Rhf1 Rd8 19.Rxd8+ Kxd8 20.Rd1+ Kc7 21.g3 Ne6 22.f3 Ng5
23.Kd2 a5 24.a4 b4 25.Kc2 bxc3 26.bxc3 Rb8 27.Rd3 Bg1 28.Nf5 Bxh2 29.Rd6 Bxg3
30.Rxf6 Bf4 31.Nh6 Rd8 32.Bc4 Rd2+ 33.Kb3 Rh2 34.Nxf7 Nxf3 35.Nd6 Nd2+ 36.Ka3 Rh6
37.Ne8+ Kd8 38.Rxh6 Nxc4+ 39.Kb3 Nd2+ 40.Kc2 Bxh6 41.Nf6 Ke7 42.Ng4 Bf4  0-1

[Event "RUS-Cup3"]
[Site "Omsk"]
[Date "1996.??.??"]
[Round "7"]
[White "Smirnov, Pavel"]
[Black "Eismont, Oleg"]
[Result "0-1"]
[WhiteElo "2330"]
[BlackElo "2455"]

1.e4 d6 2.d4 Nf6 3.Nc3 e5 4.Nf3 Nbd7 5.Bc4 Be7 6.O-O O-O 7.a4 c6 8.Re1 Qc7
9.h3 b6 10.Bg5 h6 11.Bh4 a6 12.Qe2 Bb7 13.dxe5 dxe5 14.Bg3 b5 15.Ba2 Rfe8
16.Nh4 Bf8 17.Qf3 Rad8 18.Nf5 g6 19.Ne3 Kg7 20.axb5 axb5 21.Rad1 Nc5 22.Bh4 g5
23.Nf5+ Kg6 24.Nxh6 Bxh6 25.Qf5+ Kg7 26.Bxg5 Qe7 27.Bxh6+ Kxh6 28.g4 Kg7
29.Qg5+ Kh7 30.f4 exf4 31.Qf5+ Kg8 32.Qg5+ Kh7 33.Qf5+ Kg7 34.Qg5+ Kh8 35.Qh4+ Kg7
36.Qg5+ Kh7 37.Qf5+ Kh8 38.Qxf4 b4 39.e5 Nh7 40.Qxb4 Rxd1 41.Nxd1 Ng5 42.Re3 Ba6
43.Qc3 Nce6 44.Qxc6 Bb7 45.Qd6 Nf3+ 46.Kf1 Qh4 47.Bxe6 Qxh3+ 48.Ke2 fxe6
49.Nf2 Ng1+ 50.Kd2 Qg2 51.Ke1 Bd5 52.Qc5 Kg8 53.c4 Rf8 54.Rc3 Nf3+ 55.Ke2 Qg1
56.cxd5 Qe1+ 57.Kd3 Nxe5+ 58.Kc2 Rxf2+ 59.Kb3 Qd1+ 60.Ka2 Qxd5+ 61.Qxd5 exd5
62.Rc5 Rd2 63.Kb3 Kf7 64.Kc3 Rd3+ 65.Kc2 Ke6 66.Rc6+ Nxc6 67.Kxd3 Ne5+ 68.Kd4 Nxg4  0-1

[Event "RUS-Cup3"]
[Site "Omsk"]
[Date "1996.??.??"]
[Round "9"]
[White "Smikovski, I."]
[Black "Chuprov, Dmitry"]
[Result "1-0"]
[WhiteElo "2545"]
[BlackElo "2425"]

1.e4 d6 2.d4 Nf6 3.Nc3 e5 4.dxe5 dxe5 5.Qxd8+ Kxd8 6.Bg5 Be6 7.O-O-O+ Nd7
8.f4 exf4 9.Nf3 Bc5 10.e5 h6 11.Bh4 g5 12.Nxg5 hxg5 13.Bxg5 Rg8 14.Bxf6+ Kc8
15.Ne4 Be3+ 16.Kb1 c6 17.h4 Nxf6 18.Nxf6 Rg3 19.Ne4 Rg4 20.Ng5 Kc7 21.Nxe6+ fxe6
22.h5 Rh8 23.h6 Rg5 24.h7 Rxe5 25.Be2 b5 26.c3 a5 27.Bf3 Bf2 28.Rh6 c5 29.Rdh1 Kd6
30.Rg6 Re1+ 31.Rxe1 Bxe1 32.Bg4 Kd5 33.Bxe6+ Ke4 34.Bg8 Ke3 35.Re6+ Kf2 36.Kc2 Kf1
37.Re7 Bg3 38.Bd5 Kf2 39.Kd3 Rd8 40.Ke4 Rh8 41.Kf5 Bh4 42.Rg7  1-0

[Event "ESP-chTA"]
[Site "Oropesa del Mar"]
[Date "1996.??.??"]
[Round "1"]
[White "Sion Castro, Marcelino"]
[Black "Cabezas Ayala, Ivan"]
[Result "1-0"]
[WhiteElo "2415"]
[BlackElo "2230"]

1.e4 d6 2.d4 Nf6 3.Nc3 c6 4.f4 Qb6 5.e5 Nd5 6.Nxd5 cxd5 7.Bd3 g6 8.c3 h5
9.Qf3 Be6 10.Nh3 Bxh3 11.Qxh3 e6 12.O-O Nc6 13.Bxg6 fxg6 14.Qxe6+ Ne7 15.exd6 Rd8
16.Qe5  1-0

[Event "Komercni Banka op"]
[Site "Pardubice"]
[Date "1996.??.??"]
[Round "2"]
[White "Gorjatchev, Victor"]
[Black "Vokac, Marek"]
[Result "0-1"]
[WhiteElo "2370"]
[BlackElo "2470"]

1.e4 d6 2.d4 Nf6 3.Nc3 c6 4.h3 e5 5.Nf3 Nbd7 6.Be3 Be7 7.a4 O-O 8.Bc4 Nxe4
9.Nxe4 d5 10.Nxe5 Nxe5 11.dxe5 dxc4 12.O-O Qxd1 13.Rfxd1 b6 14.a5 Bf5 15.Nd6 Bxc2
16.Rdc1 Bd3 17.Nxc4 Bxc4 18.Rxc4 c5 19.axb6 axb6 20.Rca4 Rae8 21.Rd1 Bd8
22.f4 f6 23.Re4 fxe5 24.fxe5 Re6 25.Rd7 Be7 26.b3 h6 27.Bf4 Ra8 28.Kh2 Ra3
29.Re3 g5 30.Bg3 c4 31.Rc3 cxb3 32.Rc8+ Kf7 33.Rd1 b2 34.Rb1 Rb3 35.Rc2 Ba3
36.Bf2 Rxe5 37.Bd4 Reb5 38.Re2 Rf5 39.Bh8 h5 40.Bd4 g4 41.hxg4 hxg4 42.Re4 Bd6+
43.Kh1 g3 44.Re2 Rb4  0-1

[Event "Komercni Banka op"]
[Site "Pardubice"]
[Date "1996.??.??"]
[Round "2"]
[White "Torounova, Elena"]
[Black "Prokopchuk, Evgeny"]
[Result "0-1"]
[WhiteElo "2195"]
[BlackElo "2410"]

1.e4 d6 2.d4 Nf6 3.Nc3 e5 4.dxe5 dxe5 5.Qxd8+ Kxd8 6.Bc4 Be6 7.Bxe6 fxe6
8.Nf3 Bd6 9.Bg5 h6 10.Bh4 Nc6 11.O-O-O Ke7 12.a3 a6 13.Ne1 g5 14.Bg3 Nh5
15.Nd3 Nf4 16.Bxf4 exf4 17.Rhe1 Ne5 18.Nxe5 Bxe5 19.Rd3 Rad8 20.Red1 Rxd3
21.Rxd3 c5 22.f3 b5 23.Ne2 h5 24.Rd1 Rg8 25.Rf1 Rd8 26.g3 Rf8 27.c3 g4 28.fxg4 f3
29.Nf4 Bxf4+ 30.gxf4 hxg4 31.f5 exf5 32.exf5 Rxf5 33.Kd2 Re5 34.Rf2 Ke6  0-1

[Event "Komercni Banka op"]
[Site "Pardubice"]
[Date "1996.??.??"]
[Round "3"]
[White "Mudelsee, Manfred"]
[Black "Ianov, Viktor"]
[Result "1-0"]
[WhiteElo "2250"]
[BlackElo "2425"]

1.e4 d6 2.d4 Nf6 3.Nc3 e5 4.Nf3 Nbd7 5.Bc4 Be7 6.h3 c6 7.Qe2 O-O 8.O-O b5
9.Bb3 a6 10.Rd1 Qc7 11.Bg5 Re8 12.a4 Bb7 13.axb5 cxb5 14.dxe5 dxe5 15.Nd5 Nxd5
16.Bxd5 Bxd5 17.exd5 Bd6 18.Rac1 h6 19.Be3 Nb6 20.Nh4 Nc4 21.Nf5 Nxe3 22.fxe3 Kh7
23.c4 bxc4 24.Rxc4 Qd7 25.Qc2 g6 26.Nxd6 Qxd6 27.Rc6 Qd8 28.d6 Qg5 29.Qb3 Rf8
30.Rc7 h5 31.Rxf7+ Kh6 32.Rxf8 Rxf8 33.d7 Rd8 34.Qb6 Qe7 35.Rd6  1-0

[Event "Komercni Banka op"]
[Site "Pardubice"]
[Date "1996.??.??"]
[Round "4"]
[White "Maslik, Miroslav"]
[Black "Knazovcik, Ladislav"]
[Result "1/2-1/2"]
[WhiteElo "2180"]
[BlackElo "2330"]

1.e4 d6 2.d4 Nf6 3.Nc3 c6 4.f4 Qa5 5.Bd2 e5 6.Nd5 Qd8 7.Nxf6+ Qxf6 8.Nf3 exd4
9.Bc4 Bg4 10.O-O Nd7 11.h3 Bxf3 12.Qxf3 Be7 13.Rae1 O-O-O 14.Qb3 Rhf8 15.Kh2 Nb6
16.e5 Qh6 17.Ba5 d5 18.Bd3 Kc7 19.c4 dxc3 20.bxc3 Rfe8 21.a4 Bc5 22.Rb1 Qe6
23.Bb4 Bxb4 24.Qxb4 Qe7 25.Qd4 c5 26.Qf2 c4 27.a5 Nc8 28.Bf5 Kb8 29.Rb4 g6
30.Bxc8 Rxc8 31.Rfb1 Rc7 32.Qd4 Rd8 33.Rb5 Qd7 34.a6 b6 35.Qf2 h5 36.Qh4 d4
37.cxd4 Qxd4 38.R5b4 Qd5 39.Qf6 Ka8 40.Rc1 Rdc8 41.Qd6 Qxd6 42.exd6 Rc6 43.d7 Rd8
44.Rbxc4 Rxc4 45.Rxc4 Kb8 46.f5 g5 47.h4 gxh4 48.Rxh4 Rxd7 49.Rxh5 Kc7 50.g4 b5
51.g5 Kb6 52.Rh7 Kxa6 53.g6 Rd2+ 54.Kg3 fxg6 55.fxg6 Rd8 56.g7 Rg8 57.Kf4 b4
58.Ke5 Kb5 59.Kf6 a5 60.Rh8 Rxg7 61.Kxg7 b3 62.Kf6 Kc4 63.Ke5 b2 64.Rc8+ Kb3
65.Rb8+ Kc2 66.Rc8+ Kb1 67.Ra8  1/2-1/2

[Event "Komercni Banka op"]
[Site "Pardubice"]
[Date "1996.??.??"]
[Round "4"]
[White "Gipslis, Aivars"]
[Black "Prokopchuk, Evgeny"]
[Result "1/2-1/2"]
[WhiteElo "2470"]
[BlackElo "2410"]

1.e4 d6 2.d4 Nf6 3.Nc3 e5 4.dxe5 dxe5 5.Qxd8+ Kxd8 6.Bc4 Be6 7.Bxe6 fxe6
8.f3 Bd6 9.Nh3 Nc6 10.Be3 Ke7 11.Nf2 a6 12.O-O-O h6 13.h4 Nh5 14.Ne2 Nf4
15.Bxf4 exf4 16.Nd3 g5 17.Rh3 Rag8 18.hxg5 hxg5 19.Rdh1 Rxh3 20.Rxh3 Kf7
21.Kd2 Ne5 22.Nxe5+ Bxe5 23.c3 Rd8+ 24.Kc2 c5 25.Rh7+ Bg7 26.Rh1 b5 27.Ng1 c4
28.Nh3 Kg6 29.Nf2 a5 30.a3  1/2-1/2

[Event "Komercni Banka op"]
[Site "Pardubice"]
[Date "1996.??.??"]
[Round "5"]
[White "Jirovsky, Petr"]
[Black "Opravil, Karel"]
[Result "1-0"]
[WhiteElo "2305"]
[BlackElo "2125"]

1.e4 d6 2.d4 Nf6 3.Nc3 e5 4.Nf3 Nbd7 5.Bc4 Be7 6.Bxf7+ Kxf7 7.Ng5+ Kg8 8.Ne6 Qe8
9.Nxc7 Qg6 10.Nxa8 Qxg2 11.Rf1 exd4 12.Qxd4 Ne5 13.f4 Nfg4 14.Qd5+ Nf7 15.Qc4 Be6
16.Qe2 Bh4+ 17.Kd2 Nf2 18.Rxf2 Qxf2 19.Qxf2 Bxf2 20.Nc7 Bg4 21.b3 Bg1 22.Bb2 Bxh2
23.N3d5 h5 24.Ne8 Kf8 25.Bxg7+ Kxe8 26.Bxh8 Nxh8 27.Rh1 Bg3 28.Nf6+  1-0

[Event "Komercni Banka op"]
[Site "Pardubice"]
[Date "1996.??.??"]
[Round "7"]
[White "Turcan, Milan"]
[Black "Ianov, Viktor"]
[Result "1/2-1/2"]
[WhiteElo "2150"]
[BlackElo "2425"]

1.e4 d6 2.d4 Nf6 3.Nc3 c6 4.Nf3 Bg4 5.h3 Bh5 6.g4 Bg6 7.Bd3 e6 8.Bf4 d5 9.Ne5 Bb4
10.Nxg6 hxg6 11.e5 Nfd7 12.a3 Be7 13.Qd2 c5 14.dxc5 Nc6 15.Bb5 Bxc5 16.O-O-O Qb6
17.Bg3 O-O-O 18.Qe2 a6 19.Bd3 Bd4 20.f4 Bxc3 21.bxc3 Qa5 22.Kb2 Nc5 23.Be1 Na4+
24.Kb3 Nb6 25.Ka2 Na4 26.Qd2 d4 27.Qg2 dxc3 28.Rb1 Nc5 29.Be4 Nxe4 30.Qxe4 Rd4
31.Qf3 Qa4 32.Qxc3 Rxf4 33.Qb2 b5 34.Qb3 Qxb3+ 35.Rxb3 Rxg4 36.Rf1 Re4 37.Rc3 Rc4
38.Rxf7 Rxc3 39.Bxc3 Rxh3 40.Kb2 Rh7 41.Rf8+ Kc7 42.Re8 Kd7 43.Ra8 a5 44.Bxa5 Nxe5
45.Bc3 Nc6 46.a4 bxa4 47.Rxa4 e5 48.Rg4 Rh6 49.Bd2 Rh2 50.Bc3  1/2-1/2

[Event "Komercni Banka op"]
[Site "Pardubice"]
[Date "1996.??.??"]
[Round "7"]
[White "Feigin, Mihail"]
[Black "Prokopchuk, Evgeny"]
[Result "0-1"]
[WhiteElo "2520"]
[BlackElo "2410"]

1.e4 d6 2.d4 Nf6 3.Nc3 e5 4.dxe5 dxe5 5.Qxd8+ Kxd8 6.Bg5 Be6 7.O-O-O+ Nd7
8.Nf3 Kc8 9.Bh4 Bb4 10.Nd5 Bc5 11.Ng5 Bxd5 12.exd5 h6 13.Nxf7 Rf8 14.Bxf6 Rxf7
15.Bh4 Bxf2 16.Bxf2 Rxf2 17.g3 Kd8 18.d6 cxd6 19.Rxd6 Ke7 20.Rd5 Rc8 21.c3 Rc5
22.Rd2 Rxd2 23.Kxd2 Rd5+ 24.Ke3 Nf6 25.Bg2 e4 26.Rf1 Ng4+ 27.Kf4 Nf6 28.Bxe4 Nxe4
29.Re1 g5+ 30.Kxe4 Rd2 31.Kf3+ Kf6 32.Re2 g4+ 33.Ke3 Rd1 34.Ke4 h5 35.Rf2+ Kg5
36.Rf7 Rd2 37.Rxb7 Rxh2 38.c4 Re2+ 39.Kd5 Re3 40.c5 Rxg3 41.c6 Rg2 42.Rb3 Rd2+
43.Ke4 Re2+ 44.Kd3 Re8 45.Rb5+ Kh4 46.c7 Rc8 47.Rc5 Kg3 48.Ke4 h4 49.Rc3+ Kg2
50.Kf4 g3 51.Kg4 Kh2 52.Kxh4 Rh8+ 53.Kg4 g2 54.Rc2 Kh1  0-1

[Event "Komercni Banka op"]
[Site "Pardubice"]
[Date "1996.??.??"]
[Round "7"]
[White "Galdunts, Sergey"]
[Black "Hasangatin, Ramil"]
[Result "1/2-1/2"]
[WhiteElo "2465"]
[BlackElo "2380"]

1.e4 d6 2.d4 Nf6 3.Nc3 e5 4.Nf3 Nbd7 5.g3 c6 6.Bg2 b5 7.O-O Rb8 8.Re1 g6
9.b3 Qc7 10.Bb2 Bg7 11.a4 a6 12.axb5 axb5 13.dxe5 dxe5 14.Na2 Bf8 15.Qd2 Bc5
16.Nb4 O-O 17.Nd3 Bd6 18.Qg5 Nh5 19.Nfxe5 h6 20.Qxh6 Nxe5 21.f4 Rd8 22.fxe5 Bf8
23.Qe3 Ng7 24.Ra7 Bb7 25.b4 Ne6 26.Bh3 Qe7 27.Bxe6 Qxe6 28.Bd4 Qc4 29.c3 c5
30.bxc5 b4 31.Nb2 Qb5 32.c4 Qd7 33.Rd1 Qg4 34.Re1 Qe6 35.Ra5 Qd7 36.Rd1 Bc6
37.Qf4 Qe8 38.e6 Qxe6 39.Qf6 Rxd4 40.Qxd4 Bg7 41.e5 Bxe5 42.Qf2 Bxb2 43.Qxb2 Qe4
44.Rd5 Qe1+ 45.Kg2 b3 46.Ra1 Qe4+ 47.Kg1 Bxd5 48.cxd5 Qe3+ 49.Kg2 Qxc5 50.Rd1 Re8
51.d6 Qc4 52.Kf2 Qc5+ 53.Kg2 Qc2+ 54.Qxc2 bxc2 55.Ra1 Re2+ 56.Kh3 Kf8 57.Ra8+ Re8
58.Ra1 Rb8 59.Re1 Rb1 60.d7 Rxe1 61.d8=Q+ Kg7 62.Qd4+ Kg8  1/2-1/2

[Event "Komercni Banka op"]
[Site "Pardubice"]
[Date "1996.??.??"]
[Round "8"]
[White "Chrz, Pavel"]
[Black "Opravil, Karel"]
[Result "1/2-1/2"]
[WhiteElo "2275"]
[BlackElo "2125"]

1.e4 d6 2.d4 Nf6 3.Nc3 e5 4.dxe5 dxe5 5.Qxd8+ Kxd8 6.Bg5 Be6 7.O-O-O+ Nd7
8.Nf3 Kc8 9.Be2 c6 10.a3 Ng4 11.Bh4 f6 12.Rd2 Bc5 13.Rf1 Kc7 14.h3 Nh6 15.Bg3 Bd6
16.Rfd1 Nf7  1/2-1/2

[Event "Komercni Banka op"]
[Site "Pardubice"]
[Date "1996.??.??"]
[Round "8"]
[White "Dovzik, Juri"]
[Black "Feigin, Mihail"]
[Result "1-0"]
[WhiteElo "2395"]
[BlackElo "2520"]

1.e4 d6 2.d4 Nf6 3.Nc3 c6 4.f4 Qa5 5.Bd3 e5 6.Nf3 Bg4 7.Be3 Nbd7 8.O-O Be7
9.h3 Bh5 10.Qe1 exf4 11.Bxf4 Bxf3 12.Rxf3 Qb6 13.Be3 O-O 14.e5 Ne8 15.Bf2 dxe5
16.dxe5 Bc5 17.Qe4 g6 18.Rf1 Bxf2+ 19.R1xf2 Nc5 20.Qh4 Ng7 21.Bc4 Nge6 22.b4 Nd7
23.Ne4 Rae8 24.Rd3 Qxb4 25.Rxd7 Qe1+ 26.Kh2 Kh8 27.Qf6+ Ng7 28.Rxf7 Rxf7
29.Qxf7 h5 30.Qxg6  1-0